000 00607nam a2200265Ia 4500
005 20260306153358.0
008 008 260114s9999 xx 000 0 eng d
020 _a9780511612060
037 _aEBOOK
040 _aCRL
040 _beng
040 _cCRL
041 _2eng
041 _aeng
084 _qCRL
100 _aDixon
245 4 _aThe Rise and Fall of Languages
250 _a1st Ed
260 _bCambridge University Press
260 _c2012
650 _aLinguistics
856 _uhttps://doi.org/10.1017/CBO9780511612060
942 _cEBOOK
999 _c1703245
_d1703245